000 00349 a2200145 4500
001 72734
020 _a8506034361
040 _cAnchieta - Colégio São Paulo
240 1 0 _aMichaelis dicionário escolar
_lpor
245 1 0 _aMichaelis dicionário escolar
300 _a868
362 0 _a2002
650 4 _aObras enciclopédicas gerais
942 _cBK
999 _c72734
_d72734